My fun book of questions and answers / (Record no. 9031)

MARC details
000 -LEADER
fixed length control field 00930nam a22002297a 4500
001 - CONTROL NUMBER
control field 9031
003 - CONTROL NUMBER IDENTIFIER
control field FISKH
005 - DATE AND TIME OF LATEST TRANSACTION
control field 20251114162642.0
008 - FIXED-LENGTH DATA ELEMENTS--GENERAL INFORMATION
fixed length control field 251114b cb ||||| |||| 00| 0 eng d
020 ## - INTERNATIONAL STANDARD BOOK NUMBER
International Standard Book Number 9781786176097
040 ## - CATALOGING SOURCE
Original cataloging agency FISKH
Language of cataloging eng
Transcribing agency FISKH
Modifying agency FISKH
082 ## - DEWEY DECIMAL CLASSIFICATION NUMBER
Classification number 032.02
100 ## - MAIN ENTRY--PERSONAL NAME
Personal name Kelly, Miles
245 ## - TITLE STATEMENT
Title My fun book of questions and answers /
Statement of responsibility, etc. By Miles Kelly
250 ## - EDITION STATEMENT
Edition statement First published in 2017
260 ## - PUBLICATION, DISTRIBUTION, ETC.
Place of publication, distribution, etc. New York :
Name of publisher, distributor, etc. Miles Kelly Publishing Limited,
Date of publication, distribution, etc. 2019.
300 ## - PHYSICAL DESCRIPTION
Extent 383 pages :
Other physical details color illustrations ;
Dimensions 22 cm .
520 ## - SUMMARY, ETC.
Summary, etc. Ideal for inquisitive younger readers, My Fun Book of Questions & Answers is full of fun and concise answers to key questions about animals, plants, human body, oceans, science and more. Illustrations, photos and cartoons keep kids hooked, and activity panels encourage further learning.<br/>
700 ## - ADDED ENTRY--PERSONAL NAME
Personal name Blake, Carly
Relator term Editor
942 ## - ADDED ENTRY ELEMENTS (KOHA)
Source of classification or shelving scheme Dewey Decimal Classification
Koha item type Books
Suppress in OPAC No
Holdings
Withdrawn status Lost status Source of classification or shelving scheme Damaged status Not for loan Collection Home library Current library Shelving location Date acquired Total Checkouts Full call number Barcode Date last seen Price effective from Koha item type
    Dewey Decimal Classification     Reference Footprints International School Library Network Toul Tom Poung Campus Footprints International School Library Network Toul Tom Poung Campus TTP Secondary Non-Fiction Bookshelves 11/14/2025   KEL 032.02 2025-4805 11/14/2025 11/14/2025 Books